<?xml version="1.0" encoding="UTF-8"?>
<record
    xmlns:xsi="http://www.w3.org/2001/XMLSchema-instance"
    xsi:schemaLocation="http://www.loc.gov/MARC21/slim http://www.loc.gov/standards/marcxml/schema/MARC21slim.xsd"
    xmlns="http://www.loc.gov/MARC21/slim">

  <leader>02227cam a2200433Ii 4500</leader>
  <datafield tag="999" ind1=" " ind2=" ">
    <subfield code="c">79523</subfield>
    <subfield code="d">316800</subfield>
  </datafield>
  <controlfield tag="001">990424568</controlfield>
  <controlfield tag="003">OCoLC</controlfield>
  <controlfield tag="005">20210306175325.0</controlfield>
  <controlfield tag="008">170605s2017    njua          001 0 eng d</controlfield>
  <datafield tag="020" ind1=" " ind2=" ">
    <subfield code="a">9788126567614</subfield>
  </datafield>
  <datafield tag="035" ind1=" " ind2=" ">
    <subfield code="a">(OCoLC)990424568</subfield>
  </datafield>
  <datafield tag="040" ind1=" " ind2=" ">
    <subfield code="a">QCL</subfield>
    <subfield code="b">eng</subfield>
    <subfield code="e">rda</subfield>
    <subfield code="c">QCL</subfield>
    <subfield code="d">Z8E</subfield>
    <subfield code="d">EQO</subfield>
    <subfield code="d">OCLCO</subfield>
    <subfield code="d">OCLCF</subfield>
    <subfield code="d">EZ9</subfield>
    <subfield code="d">OCLCO</subfield>
    <subfield code="d">PHUST</subfield>
    <subfield code="d">OCLCO</subfield>
    <subfield code="d">CCNDG</subfield>
    <subfield code="d">OCLCA</subfield>
    <subfield code="d">COO</subfield>
    <subfield code="d">OCLCO</subfield>
  </datafield>
  <datafield tag="050" ind1=" " ind2="4">
    <subfield code="a">QP34.5 .T638p 2017</subfield>
  </datafield>
  <datafield tag="060" ind1="0" ind2="0">
    <subfield code="a">QS 4</subfield>
    <subfield code="b">T712p 2014</subfield>
  </datafield>
  <datafield tag="082" ind1=" " ind2=" ">
    <subfield code="2">22</subfield>
    <subfield code="a">612</subfield>
    <subfield code="b">TGT</subfield>
  </datafield>
  <datafield tag="096" ind1=" " ind2=" ">
    <subfield code="a">QS 4</subfield>
    <subfield code="b">T712p 2017</subfield>
  </datafield>
  <datafield tag="100" ind1="1" ind2=" ">
    <subfield code="a">Tortora, Gerard J.,</subfield>
    <subfield code="e">author</subfield>
    <subfield code="9">38025</subfield>
  </datafield>
  <datafield tag="240" ind1="1" ind2="0">
    <subfield code="a">Principles of anatomy and physiology</subfield>
  </datafield>
  <datafield tag="245" ind1="1" ind2="0">
    <subfield code="a">Tortora's principles of anatomy &amp; physiology /</subfield>
    <subfield code="c">Gerard J. Tortora, Bryan Derrickson</subfield>
  </datafield>
  <datafield tag="246" ind1="3" ind2="0">
    <subfield code="a">Principles of anatomy &amp; physiology</subfield>
  </datafield>
  <datafield tag="246" ind1="3" ind2=" ">
    <subfield code="a">Principles of anatomy and physiology</subfield>
  </datafield>
  <datafield tag="250" ind1=" " ind2=" ">
    <subfield code="a">15th edition, Global edition</subfield>
  </datafield>
  <datafield tag="264" ind1=" " ind2="1">
    <subfield code="a">Hoboken, NJ :</subfield>
    <subfield code="b">John Wiley &amp; Sons, Inc.,</subfield>
    <subfield code="c">[2017]</subfield>
  </datafield>
  <datafield tag="300" ind1=" " ind2=" ">
    <subfield code="a">xii, 989, [81] pages :</subfield>
    <subfield code="b">illustrations (colour) ;</subfield>
    <subfield code="c">28cm +</subfield>
    <subfield code="e">1 supplement (195 pages : illustrations (black and white) ; 28 cm)</subfield>
  </datafield>
  <datafield tag="500" ind1=" " ind2=" ">
    <subfield code="a">Includes index</subfield>
  </datafield>
  <datafield tag="500" ind1=" " ind2=" ">
    <subfield code="a">Previous edition: 2014</subfield>
  </datafield>
  <datafield tag="500" ind1=" " ind2=" ">
    <subfield code="a">Originally published as: Principles of anatomy and physiology, [1975]</subfield>
  </datafield>
  <datafield tag="500" ind1=" " ind2=" ">
    <subfield code="a">"The content provided in this textbook is based on Tortora and Derrickson's Principles of anatomy and physiology 15th edition [2017]. John Wiley &amp; Sons Singapore Pte. Ltd." --Title page verso</subfield>
  </datafield>
  <datafield tag="500" ind1=" " ind2=" ">
    <subfield code="a">Accompanied by supplement: Tortora's principles of anatomy &amp; physiology : study guide / Gerard J. Tortora, Bryan Derrickson. (Hoboken, NJ : John Wiley &amp; Sons, Inc., [2017])</subfield>
  </datafield>
  <datafield tag="520" ind1="8" ind2=" ">
    <subfield code="a">This is designed as an introductory course and assumes no prior knowledge by the student. Completely revised, it includes some new and innovative learning devices, and interesting, new clinical applications</subfield>
  </datafield>
  <datafield tag="650" ind1=" " ind2="0">
    <subfield code="a">Human physiology</subfield>
    <subfield code="9">88722</subfield>
  </datafield>
  <datafield tag="650" ind1=" " ind2="0">
    <subfield code="a">Human anatomy</subfield>
    <subfield code="9">88723</subfield>
  </datafield>
  <datafield tag="650" ind1=" " ind2="2">
    <subfield code="a">Anatomy</subfield>
    <subfield code="9">88724</subfield>
  </datafield>
  <datafield tag="650" ind1=" " ind2="2">
    <subfield code="a">Physiological Phenomena</subfield>
    <subfield code="9">88725</subfield>
  </datafield>
  <datafield tag="700" ind1="1" ind2=" ">
    <subfield code="a">Derrickson, Bryan,</subfield>
    <subfield code="e">author</subfield>
    <subfield code="9">88726</subfield>
  </datafield>
  <datafield tag="700" ind1="1" ind2=" ">
    <subfield code="a">Tortora, Gerard J.</subfield>
    <subfield code="t">Tortora's principles of anatomy &amp; physiology : study guide</subfield>
    <subfield code="9">88727</subfield>
  </datafield>
  <datafield tag="700" ind1="1" ind2=" ">
    <subfield code="a">Tortora, Gerard J.</subfield>
    <subfield code="t">Principles of anatomy &amp; physiology</subfield>
    <subfield code="9">88728</subfield>
  </datafield>
  <datafield tag="942" ind1=" " ind2=" ">
    <subfield code="2">ddc</subfield>
    <subfield code="c">BOOK</subfield>
  </datafield>
  <datafield tag="952" ind1=" " ind2=" ">
    <subfield code="1">0</subfield>
    <subfield code="2">2021-03-06</subfield>
    <subfield code="4">0</subfield>
    <subfield code="7">0</subfield>
    <subfield code="a">612 TGT</subfield>
    <subfield code="d">2021-03-06</subfield>
    <subfield code="h">CL</subfield>
    <subfield code="i">00168009</subfield>
    <subfield code="m">CL</subfield>
    <subfield code="r">2021-03-06 00:00:00</subfield>
    <subfield code="t">BOOK</subfield>
    <subfield code="w">ddc</subfield>
    <subfield code="y">0</subfield>
  </datafield>
  <datafield tag="952" ind1=" " ind2=" ">
    <subfield code="1">0</subfield>
    <subfield code="2">2021-03-06</subfield>
    <subfield code="4">0</subfield>
    <subfield code="7">0</subfield>
    <subfield code="a">612 TGT</subfield>
    <subfield code="d">2021-03-06</subfield>
    <subfield code="h">CL</subfield>
    <subfield code="i">00168010</subfield>
    <subfield code="m">CL</subfield>
    <subfield code="r">2021-03-06 00:00:00</subfield>
    <subfield code="t">BOOK</subfield>
    <subfield code="w">ddc</subfield>
    <subfield code="y">0</subfield>
  </datafield>
  <datafield tag="952" ind1=" " ind2=" ">
    <subfield code="1">0</subfield>
    <subfield code="2">2021-03-06</subfield>
    <subfield code="4">0</subfield>
    <subfield code="7">0</subfield>
    <subfield code="a">612 TGT</subfield>
    <subfield code="d">2021-03-06</subfield>
    <subfield code="h">CL</subfield>
    <subfield code="i">00168011</subfield>
    <subfield code="m">CL</subfield>
    <subfield code="r">2021-03-06 00:00:00</subfield>
    <subfield code="t">BOOK</subfield>
    <subfield code="w">ddc</subfield>
    <subfield code="y">0</subfield>
  </datafield>
  <datafield tag="952" ind1=" " ind2=" ">
    <subfield code="1">0</subfield>
    <subfield code="2">2021-03-06</subfield>
    <subfield code="4">0</subfield>
    <subfield code="7">0</subfield>
    <subfield code="a">612 TGT</subfield>
    <subfield code="c">Study Guide v. 2</subfield>
    <subfield code="d">2021-03-06</subfield>
    <subfield code="h">CL</subfield>
    <subfield code="i">00168012</subfield>
    <subfield code="m">CL</subfield>
    <subfield code="r">2021-03-06 00:00:00</subfield>
    <subfield code="t">BOOK</subfield>
    <subfield code="w">ddc</subfield>
    <subfield code="y">0</subfield>
  </datafield>
  <datafield tag="952" ind1=" " ind2=" ">
    <subfield code="1">0</subfield>
    <subfield code="2">2021-03-06</subfield>
    <subfield code="4">0</subfield>
    <subfield code="7">0</subfield>
    <subfield code="a">612 TGT</subfield>
    <subfield code="c">Study Guide v. 2</subfield>
    <subfield code="d">2021-03-06</subfield>
    <subfield code="h">CL</subfield>
    <subfield code="i">00168013</subfield>
    <subfield code="m">CL</subfield>
    <subfield code="r">2021-03-06 00:00:00</subfield>
    <subfield code="t">BOOK</subfield>
    <subfield code="w">ddc</subfield>
    <subfield code="y">0</subfield>
  </datafield>
  <datafield tag="952" ind1=" " ind2=" ">
    <subfield code="1">0</subfield>
    <subfield code="2">2021-03-06</subfield>
    <subfield code="4">0</subfield>
    <subfield code="7">0</subfield>
    <subfield code="a">612 TGT</subfield>
    <subfield code="c">Study Guide v. 2</subfield>
    <subfield code="d">2021-03-06</subfield>
    <subfield code="h">CL</subfield>
    <subfield code="i">00168014</subfield>
    <subfield code="m">CL</subfield>
    <subfield code="r">2021-03-06 00:00:00</subfield>
    <subfield code="t">BOOK</subfield>
    <subfield code="w">ddc</subfield>
    <subfield code="y">0</subfield>
  </datafield>
  <datafield tag="952" ind1=" " ind2=" ">
    <subfield code="1">0</subfield>
    <subfield code="2">2021-03-07</subfield>
    <subfield code="4">0</subfield>
    <subfield code="7">0</subfield>
    <subfield code="a">612 TGT</subfield>
    <subfield code="d">2021-03-07</subfield>
    <subfield code="h">AMF</subfield>
    <subfield code="i">00168054</subfield>
    <subfield code="m">AMF</subfield>
    <subfield code="r">2021-03-07 00:00:00</subfield>
    <subfield code="t">BOOK</subfield>
    <subfield code="w">ddc</subfield>
    <subfield code="y">0</subfield>
  </datafield>
  <datafield tag="952" ind1=" " ind2=" ">
    <subfield code="1">0</subfield>
    <subfield code="2">2021-03-07</subfield>
    <subfield code="4">0</subfield>
    <subfield code="7">0</subfield>
    <subfield code="a">612 TGT</subfield>
    <subfield code="d">2021-03-07</subfield>
    <subfield code="h">AMF</subfield>
    <subfield code="i">00168055</subfield>
    <subfield code="m">AMF</subfield>
    <subfield code="q">2023-01-10</subfield>
    <subfield code="r">2025-01-13 00:00:00</subfield>
    <subfield code="t">BOOK</subfield>
    <subfield code="w">ddc</subfield>
    <subfield code="y">1</subfield>
  </datafield>
  <datafield tag="952" ind1=" " ind2=" ">
    <subfield code="1">0</subfield>
    <subfield code="2">2021-03-07</subfield>
    <subfield code="4">0</subfield>
    <subfield code="7">0</subfield>
    <subfield code="a">612 TGT</subfield>
    <subfield code="c">V .2</subfield>
    <subfield code="d">2021-03-07</subfield>
    <subfield code="h">AMF</subfield>
    <subfield code="i">00168056</subfield>
    <subfield code="m">AMF</subfield>
    <subfield code="r">2021-03-07 00:00:00</subfield>
    <subfield code="t">BOOK</subfield>
    <subfield code="w">ddc</subfield>
    <subfield code="y">0</subfield>
  </datafield>
  <datafield tag="952" ind1=" " ind2=" ">
    <subfield code="1">0</subfield>
    <subfield code="2">2021-03-07</subfield>
    <subfield code="4">0</subfield>
    <subfield code="7">0</subfield>
    <subfield code="a">612 TGT</subfield>
    <subfield code="c">V .2</subfield>
    <subfield code="d">2021-03-07</subfield>
    <subfield code="h">AMF</subfield>
    <subfield code="i">00168057</subfield>
    <subfield code="m">AMF</subfield>
    <subfield code="r">2021-03-07 00:00:00</subfield>
    <subfield code="t">BOOK</subfield>
    <subfield code="w">ddc</subfield>
    <subfield code="y">0</subfield>
  </datafield>
  <datafield tag="952" ind1=" " ind2=" ">
    <subfield code="1">0</subfield>
    <subfield code="2">2021-03-07</subfield>
    <subfield code="4">0</subfield>
    <subfield code="7">0</subfield>
    <subfield code="a">612 TGT</subfield>
    <subfield code="d">2021-03-07</subfield>
    <subfield code="h">SZM</subfield>
    <subfield code="i">00168058</subfield>
    <subfield code="m">SZM</subfield>
    <subfield code="r">2021-03-07 00:00:00</subfield>
    <subfield code="t">BOOK</subfield>
    <subfield code="w">ddc</subfield>
    <subfield code="y">0</subfield>
  </datafield>
  <datafield tag="952" ind1=" " ind2=" ">
    <subfield code="1">0</subfield>
    <subfield code="2">2021-03-07</subfield>
    <subfield code="4">0</subfield>
    <subfield code="7">0</subfield>
    <subfield code="a">612 TGT</subfield>
    <subfield code="d">2021-03-07</subfield>
    <subfield code="h">SZM</subfield>
    <subfield code="i">00168059</subfield>
    <subfield code="m">SZM</subfield>
    <subfield code="r">2021-03-07 00:00:00</subfield>
    <subfield code="t">BOOK</subfield>
    <subfield code="w">ddc</subfield>
    <subfield code="y">0</subfield>
  </datafield>
  <datafield tag="952" ind1=" " ind2=" ">
    <subfield code="1">0</subfield>
    <subfield code="2">2021-03-07</subfield>
    <subfield code="4">0</subfield>
    <subfield code="7">0</subfield>
    <subfield code="a">612 TGT</subfield>
    <subfield code="c">V .2</subfield>
    <subfield code="d">2021-03-07</subfield>
    <subfield code="h">SZM</subfield>
    <subfield code="i">00168060</subfield>
    <subfield code="m">SZM</subfield>
    <subfield code="r">2021-03-07 00:00:00</subfield>
    <subfield code="t">BOOK</subfield>
    <subfield code="w">ddc</subfield>
    <subfield code="y">0</subfield>
  </datafield>
  <datafield tag="952" ind1=" " ind2=" ">
    <subfield code="1">0</subfield>
    <subfield code="2">2021-03-07</subfield>
    <subfield code="4">0</subfield>
    <subfield code="7">0</subfield>
    <subfield code="a">612 TGT</subfield>
    <subfield code="c">V .2</subfield>
    <subfield code="d">2021-03-07</subfield>
    <subfield code="h">SZM</subfield>
    <subfield code="i">00168061</subfield>
    <subfield code="m">SZM</subfield>
    <subfield code="r">2021-03-07 00:00:00</subfield>
    <subfield code="t">BOOK</subfield>
    <subfield code="w">ddc</subfield>
    <subfield code="y">0</subfield>
  </datafield>
</record>
